| Tag |
First Indicator |
Second Indicator |
Subfields |
| LEADER |
00000cam a22000008a 4500 |
| 001 |
in00000972743 |
| 005 |
20150927111219.0 |
| 008 |
890907s1990 nyu b 00110 eng |
| 010 |
|
|
|a 89043367
|
| 020 |
|
|
|a 0394583396 :
|c $24.95
|
| 035 |
|
|
|a (OCoLC)20525462
|
| 035 |
|
|
|9 AEW0774AM
|
| 040 |
|
|
|a DLC
|c DLC
|d TXA
|d UtOrBLW
|
| 049 |
|
|
|a TXAM
|
| 050 |
0 |
0 |
|a ML410.G288
|b A68 1990
|
| 082 |
0 |
|
|a 782.1
|2 20
|
| 100 |
1 |
|
|a Alpert, Hollis,
|d 1916-2007.
|
| 245 |
1 |
4 |
|a The life and times of Porgy and Bess :
|b the story of an American classic /
|c Hollis Alpert.
|
| 250 |
|
|
|a 1st ed.
|
| 264 |
|
1 |
|a New York :
|b Knopf,
|c 1990.
|
| 300 |
|
|
|a 354 pages, 8 unnumbered pages of plates :
|b illustrations
|
| 336 |
|
|
|a text
|b txt
|2 rdacontent
|
| 337 |
|
|
|a unmediated
|b n
|2 rdamedia
|
| 338 |
|
|
|a volume
|b nc
|2 rdacarrier
|
| 504 |
|
|
|a Includes bibliographical references and index.
|
| 600 |
1 |
0 |
|a Gershwin, George,
|d 1898-1937.
|t Porgy and Bess.
|
| 999 |
|
|
|a MARS
|
| 999 |
f |
f |
|s 4a4135a3-fdb4-3b38-9a77-66e7b987f141
|i e4572123-3964-3373-853e-776a79018150
|t 0
|
| 952 |
f |
f |
|p ric
|a Texas A&M University
|b Rellis Campus
|c Joint Library Facility
|d Remote Storage
|t 0
|e ML410.G288 A68 1990
|h Library of Congress classification
|i unmediated -- volume
|m A14814035632
|
| 998 |
f |
f |
|a ML410.G288 A68 1990
|t 0
|l Remote Storage
|